000 01014cam a2200277 a 4500
001 000014483
005 20200929163845.0
008 911114s1975 ag ac b 000 0 spa d
040 _aDO-SdBNP
_bspa
_cDLC
_dBNPHU
041 1 7 _aspa
_heng
_2código de idioma Marc
082 _a551.46
_bF171p
100 1 _aFairhall, David.
_932705
240 1 0 _aPoder naval de Rusia
_lEspañol
245 1 3 _aEl poderio naval ruso /
_cDavid Fairhall ; traducción Carlos A. Viñuales.
260 _aBuenos Aires, Argentina :
_bEditorial Pleamar,
_c1975.
300 _a243 p. :
_bil., retrs. ;
_c20 cm.
504 _aIncluye referecias bibliográficas.
534 _aTítulo original:
_lRussian sea power.
651 4 _aRusia
_xPoder Naval
_932706
610 1 4 _aUNIÓN SOVIÉTICA
_bCIENCIA NAVAL
_xHISTORIA
_932707
650 4 _aMarina mercante
_zUnión Soviética
_932708
700 1 _aViñuales, Carlos A.
_etr.
_932709
710 2 _aCentro Naval de Buenos Aires
_932710
910 _aCatalogación por copia / LC
049 _aBNGR
999 _c14072
_d14072